00481 2200193 4500001002100000005001500021008004100036020001800077035001900095041000700114082000800121090001400129100002300143245002900166260002500195300002900220500001000249650002800259INLIS00000000000466620241224112945241224||||||||| | ||| |||| || |  a979-668-345-8 0010-1224004666 aid0 a922 a922 TIM i0 aTim Pustaka Fathin00aIlmuwan Muslim Ibnu Sina aSolobTiga Serangkai a24 hlm. : ilus, ; 31 cm. aCet.2 0aIlmu Sejarah & Biografi